000 00926nam a22001937a 4500
999 _c62462
_d62462
003 Ge_BSU
005 20241113122429.0
008 241113s1952 ge ||||| |||| 00| 0 geo d
041 _ageo
080 _a617-089-053.2 კ-67
100 _aკოკოჩაშვილი, მიხეილ.
_923684
245 _aბავშვთა ასაკის ქირურგია ორთოპედიით /
_cმ. კოკოჩაშვილი, რედ. დ.მამამთავრიშვილი
264 _aთბილისი :
_bსაქმედგამი,
_c1952.
300 _a461 გვ. :
_bილ. ;
_c23 სმ.
653 _aბავშვთა ასაკის ქირურგია ორთოპედიით
653 _aმედიცინა
700 _aმამამთავრიშვილი, დ
_eრედაქტორი
_922349
942 _2udc
_cBK